El gobierno de la ciudad implementó un nuevo régimen de información sobre servicios públiocs y privados (Registro nro. 15231)

Detalles MARC
000 -LEADER
fixed length control field 00382 a2200109 4500
001 - CONTROL NUMBER
control field ART_18426
005 - DATE AND TIME OF LATEST TRANSACTION
control field 20260410161702.0
008 - FIXED-LENGTH DATA ELEMENTS--GENERAL INFORMATION
fixed length control field 260409a
100 1# - MAIN ENTRY--PERSONAL NAME
Personal name Ferraro, Ricardo H.
245 10 - TITLE STATEMENT
Title El gobierno de la ciudad implementó un nuevo régimen de información sobre servicios públiocs y privados
773 0# - HOST ITEM ENTRY
Title Revista Impuestos
Related parts - Nº 4 (abr. 2012)
Record control number REV639

No hay ítems disponibles.